Pod šepkajúcimi dverami

Saved in:
Bibliographic Details
Main Author Klune, TJ
Format Electronic eBook
LanguageCzech
Published Metafora SK 2023
Edition1. elektronické vydání
Subjects
Online AccessDostupné v BOOKPORT po přihlášení pomocí eduID
ISBN978-80-8090-583-5
978-80-8090-581-1
Physical Description1 online zdroj (400 stran)

Cover

LEADER 00000nam a2200000 i 4500
001 bkp100206
003 CZ-prgp
005 20230829105929.0
006 m o d
007 cr cn
008 230829s2023 xr o 000 1 cze
020 |a 978-80-8090-583-5  |c 404 Kč  |q (online ; epub) 
020 |a 978-80-8090-581-1  |c 475 Kč  |q (print) 
040 |a Grada  |b cze  |e rda 
100 1 |a Klune, TJ 
245 1 0 |a Pod šepkajúcimi dverami  |c TJ Klune 
250 |a 1. elektronické vydání 
264 1 |b Metafora SK  |c 2023 
300 |a 1 online zdroj (400 stran) 
336 |a text  |b txt  |2 rdacontent 
337 |a počítač  |b c  |2 rdamedia 
338 |a online zdroj  |b cr  |2 rdacarrier 
520 3 |a Nikdy ho nemáme dosť, všakže? Času. Domnievame sa, že ho máme celú kopu, no keď na tom skutočne záleží, nikdy ho nemáme dostatok. Postupne na to prichádza aj Wallace v príbehu, ktorý je veselou, desivou, ale pritom láskavou spoveďou o živote strávenom v kancelárii a o smrti strávenej budovaním domova, priateľstva a lásky. 
650 0 4 |a Sci-fi, fantasy 
856 4 0 |u https://www.bookport.cz/AccountSaml/SignIn/?idp=https://shibboleth.utb.cz/idp/shibboleth&returnUrl=/kniha/pod-sepkajucimi-dverami-12094/  |y Dostupné v BOOKPORT po přihlášení pomocí eduID